01017nam a22001937a 4500952010100000999001900101008004100120050002000161100002200181245003900203260003300242300003600275500002200311505038700333519004400720650002200764650003000786942000700816 00102lcc4070a03b03d2017-07-17l0oQH325 O73 1983p03 002043r2017-07-17t1w2017-07-17yLB c102318d102318120720s1983 mx a 000 0 spa d aQH325bO73 19831 aOparin, A.eautor13aEl origen de la vidac / A. Oparin aMéxicob : Épocac, 1983 a111 páginasb : ilustraciones aIncluye: índice aLa lucha del materialismo contra el idealismo y la religión en torno al apasionante y discutido problema del origen de la vida Origen primitivo de las substancias orgánicas más simples: los hidrocarburos y sus derivados Origen de las proteínas primitivas Origen de las primitivas formaciones coloidales Organización del protoplasma vivo Origen de los organismos primitivos aMaterial Complementario / d(03 002043) 0aORIGEN DE LA VIDA 0aPROPIEDADES DE LA MATERIA cLB